U.S. : A narrative history
U*S: A Narrative History tells the story of us, the American people, with all the visually engaging, personally involving material that your students demand. From a trusted author team, this innovative text provides instructors who normally choose either a big or brief book with scholarly, succinct,...
Wedi'i Gadw mewn:
| Fformat: | Llyfr |
|---|---|
| Iaith: | Undetermined |
| Cyhoeddwyd: |
Boston
McGraw-Hill
2009
|
| Pynciau: | |
| Tagiau: |
Ychwanegu Tag
Dim Tagiau, Byddwch y cyntaf i dagio'r cofnod hwn!
|
| Thư viện lưu trữ: | Trung tâm Học liệu Trường Đại học Cần Thơ |
|---|
| LEADER | 01055nam a2200217Ia 4500 | ||
|---|---|---|---|
| 001 | CTU_186909 | ||
| 008 | 210402s9999 xx 000 0 und d | ||
| 020 | |c 18.98 | ||
| 082 | |a 973 | ||
| 082 | |b U84/Vol.1 | ||
| 245 | 0 | |a U.S. : | |
| 245 | 2 | |b A narrative history | |
| 245 | 0 | |c James West Davidson, ... [et al.] | |
| 260 | |a Boston | ||
| 260 | |b McGraw-Hill | ||
| 260 | |c 2009 | ||
| 520 | |a U*S: A Narrative History tells the story of us, the American people, with all the visually engaging, personally involving material that your students demand. From a trusted author team, this innovative text provides instructors who normally choose either a big or brief book with scholarly, succinct, and conventionally organized core content; a highly readable and unified narrative that is continental in scope; and a magazine format that engages students and helps them connect with the nation's past. | ||
| 650 | |a United States,Hoa Kỳ | ||
| 650 | |x History,Lịch sử | ||
| 904 | |i Trúc | ||
| 980 | |a Trung tâm Học liệu Trường Đại học Cần Thơ | ||